<?xml version="1.0" encoding="UTF-8"?><?xml-stylesheet type="text/xsl" href="static/style.xsl"?><OAI-PMH xmlns="http://www.openarchives.org/OAI/2.0/" xmlns:xsi="http://www.w3.org/2001/XMLSchema-instance" xsi:schemaLocation="http://www.openarchives.org/OAI/2.0/ http://www.openarchives.org/OAI/2.0/OAI-PMH.xsd"><responseDate>2026-06-02T05:56:45Z</responseDate><request verb="GetRecord" identifier="oai:riuma.uma.es:10630/29908" metadataPrefix="marc">https://riuma.uma.es/rest/oai/request</request><GetRecord><record><header><identifier>oai:riuma.uma.es:10630/29908</identifier><datestamp>2026-02-03T11:24:22Z</datestamp><setSpec>com_10630_2254</setSpec><setSpec>col_10630_37953</setSpec></header><metadata><record xmlns="http://www.loc.gov/MARC21/slim" xmlns:dcterms="http://purl.org/dc/terms/" xmlns:doc="http://www.lyncode.com/xoai" xmlns:xsi="http://www.w3.org/2001/XMLSchema-instance" xsi:schemaLocation="http://www.loc.gov/MARC21/slim http://www.loc.gov/standards/marcxml/schema/MARC21slim.xsd">
   <leader>00925njm 22002777a 4500</leader>
   <datafield ind2=" " ind1=" " tag="042">
      <subfield code="a">dc</subfield>
   </datafield>
   <datafield ind2=" " ind1=" " tag="720">
      <subfield code="a">Bernardis-Medici, Ana Lucía</subfield>
      <subfield code="e">author</subfield>
   </datafield>
   <datafield ind2=" " ind1=" " tag="720">
      <subfield code="a">Hartzstein, Silvia</subfield>
      <subfield code="e">author</subfield>
   </datafield>
   <datafield ind2=" " ind1=" " tag="720">
      <subfield code="a">Pradolini, Gladis</subfield>
      <subfield code="e">author</subfield>
   </datafield>
   <datafield ind2=" " ind1=" " tag="260">
      <subfield code="c">2006</subfield>
   </datafield>
   <datafield ind2=" " ind1=" " tag="520">
      <subfield code="a">Let 0 &lt;γ&lt; 1, b be a BMO function and Im γ,b the commutator of order m for the fractional integral.&#xd;
We prove two type of weighted Lp inequalities for Im γ,b in the context of the spaces of homogeneous type.&#xd;
The first one establishes that, for A∞ weights, the operator Im γ,b is bounded in the weighted Lp norm by the maximal operator Mγ (Mm), where Mγ is the fractional maximal operator and Mm is the Hardy– Littlewood maximal operator iterated m times. The second inequality is a consequence of the first one and shows that the operator Im γ,b is bounded from Lp[Mγp(M[(m+1)p]&#xd;
w)(x)dμ(x)] to Lp[w(x)dμ(x)], where [(m + 1)p] is the integer part of (m + 1)p and no condition on the weight w is required. From&#xd;
the first inequality we also obtain weighted Lp–Lq estimates for Im γ,b generalizing the classical results of Muckenhoupt and Wheeden for the fractional integral operator.</subfield>
   </datafield>
   <datafield ind1="8" ind2=" " tag="024">
      <subfield code="a">Ana Bernardis, Silvia Hartzstein, Gladis Pradolini, Weighted inequalities for commutators of fractional integrals on spaces of homogeneous type, Journal of Mathematical Analysis and Applications, Volume 322, Issue 2, 2006, Pages 825-846, ISSN 0022-247X, https://doi.org/10.1016/j.jmaa.2005.09.051.</subfield>
   </datafield>
   <datafield ind1="8" ind2=" " tag="024">
      <subfield code="a">https://hdl.handle.net/10630/29908</subfield>
   </datafield>
   <datafield ind1="8" ind2=" " tag="024">
      <subfield code="a">10.1016/j.jmaa.2005.09.051</subfield>
   </datafield>
   <datafield tag="653" ind2=" " ind1=" ">
      <subfield code="a">Análisis matemático</subfield>
   </datafield>
   <datafield ind2="0" ind1="0" tag="245">
      <subfield code="a">Weighted inequalities for commutators of fractional integrals on spaces of homogeneous type.</subfield>
   </datafield>
</record>
</metadata></record></GetRecord></OAI-PMH>